[Event "Rome op"]
[Site "Rome"]
[Date "2007.11.01"]
[Round "5"]
[White "Marotta, Michele"]
[Black "Stips, Felix"]
[Result "1-0"]
[WhiteElo "2012"]
[BlackElo "2061"]
[PlyCount "101"]
[EventDate "2007.10.29"]
[EventType "swiss"]
[EventRounds "9"]
[EventCountry "ITA"]
[SourceTitle "EXT 2009"]
[Source "ChessBase"]
[SourceDate "2008.11.26"]
[SourceVersion "1"]
[SourceVersionDate "2008.11.26"]
[SourceQuality "1"]

1. e4 c5 2. Nc3 Nc6 3. g3 g6 4. Bg2 Bg7 5. d3 e6 6. Be3 d6 7. Qd2 Rb8 8. Nf3 Nd4 9. Bxd4 cxd4 10. Nb5 Qb6 11. Qb4 Ke7 12. e5 a6 13. Qxd6+ Qxd6 14. Nxd6 Nh6 15. 0-0 Bd7 16. Nc4 b5 17. Na5 Rbc8 18. Nxd4 Bxe5 19. Nac6+ Kd6 20. Nxe5 Kxe5 21. c3 Kf6 22. f4 Nf5 23. Nxf5 Kxf5 24. Rfe1 Bc6 25. Re5+ Kf6 26. Rc5 Bxg2 27. Rxc8 Rxc8 28. Kxg2 Rd8 29. Rd1 Ke7 30. Kf3 h5 31. Ke3 Kd6 32. Rd2 Kc5 33. b4+ Kc6 34. c4 f6 35. a4 bxc4 36. dxc4 Rb8 37. Rb2 a5 38. b5+ Kc5 39. b6 Kxc4 40. Rb5 Rb7 41. Ke4 Kc3 42. h3 Kc4 43. g4 hxg4 44. hxg4 f5+ 45. gxf5 exf5+ 46. Ke5 Kd3 47. Kf6 Ke4 48. Kxg6 Kxf4 49. Rxf5+ Ke4 50. Rb5 Kd4 51. Kf5 1-0

[Event "Rome op"]
[Site "Rome"]
[Date "2007.10.30"]
[Round "2"]
[White "Marotta, Michele"]
[Black "Barlocco, Carlo"]
[Result "1-0"]
[WhiteElo "2012"]
[BlackElo "2134"]
[PlyCount "43"]
[EventDate "2007.10.29"]
[EventType "swiss"]
[EventRounds "9"]
[EventCountry "ITA"]
[SourceTitle "EXT 2009"]
[Source "ChessBase"]
[SourceDate "2008.11.26"]
[SourceVersion "1"]
[SourceVersionDate "2008.11.26"]
[SourceQuality "1"]

1. e4 Nc6 2. Nc3 e6 3. Nf3 Bb4 4. Ne2 e5 5. c3 Be7 6. d4 exd4 7. Nexd4 Nf6 8. Nxc6 bxc6 9. e5 Ne4 10. Qa4 Nc5 11. Qg4 Ne6 12. Bd3 d5 13. Nd4 Nxd4 14. Qxg7 Bf5 15. Qxh8+ Kd7 16. Bxf5+ Nxf5 17. Qxh7 Nh4 18. Qxf7 Qh8 19. e6+ Kd8 20. 0-0 Qf6 21. Qg8+ Qf8 22. Qxf8+ 1-0

[Event "Porto San Giorgio op 18th"]
[Site "Porto San Giorgio"]
[Date "2006.08.21"]
[Round "1"]
[White "Kohlweyer, Bernd"]
[Black "Marotta, Michele"]
[Result "1/2-1/2"]
[WhiteElo "2419"]
[BlackElo "2018"]
[PlyCount "41"]
[EventDate "2006.08.21"]
[EventType "swiss"]
[EventRounds "9"]
[EventCountry "ITA"]
[SourceTitle "CBM 113 Extra"]
[Source "ChessBase"]
[SourceDate "2006.09.14"]
[SourceVersion "1"]
[SourceVersionDate "2006.09.14"]
[SourceQuality "1"]

1. d4 Nf6 2. c4 g6 3. Nc3 d5 4. Nf3 Bg7 5. Bf4 0-0 6. Rc1 c6 7. e3 Bg4 8. h3 Bxf3 9. Qxf3 Qa5 10. Bd3 Nbd7 11. 0-0 dxc4 12. Bxc4 e5 13. Bh2 exd4 14. exd4 Nb6 15. Bb3 Qb4 16. Be5 Nbd7 17. Rfe1 Rad8 18. Re2 Nh5 19. Re4 Nhf6 20. Re3 Nh5 21. Re4 1/2-1/2

[Event "Rome d'Inverno op 2nd"]
[Site "Rome"]
[Date "2006.02.05"]
[Round "5"]
[White "Marotta, Michele"]
[Black "Di Lascio, Savino"]
[Result "0-1"]
[WhiteElo "2066"]
[BlackElo "1952"]
[PlyCount "78"]
[EventDate "2006.02.03"]
[EventType "swiss"]
[EventRounds "5"]
[EventCountry "ITA"]
[SourceTitle "EXT 2007"]
[Source "ChessBase"]
[SourceDate "2006.11.23"]
[SourceVersion "1"]
[SourceVersionDate "2006.11.23"]
[SourceQuality "1"]

1. e4 c6 2. d4 d5 3. Nc3 dxe4 4. Nxe4 Nf6 5. Nxf6+ gxf6 6. Nf3 Bf5 7. g3 Qd5 8. Bg2 Qe4+ 9. Be3 Qxc2 10. 0-0 Qxd1 11. Rfxd1 Be4 12. Nd2 Bxg2 13. Kxg2 e6 14. Ne4 Nd7 15. Rab1 h5 16. h4 0-0-0 17. b4 a6 18. a4 Nb6 19. b5 Nd5 20. bxa6 bxa6 21. Rdc1 Kc7 22. Rc4 Rc8 23. Rbc1 Kd7 24. Rb1 Be7 25. Bd2 Rb8 26. Rbc1 Rhc8 27. R1c2 Nb6 28. Nc5+ Bxc5 29. Rxc5 Nd5 30. Kf3 Rb3+ 31. Ke2 f5 32. Ba5 f4 33. Be1 f5 34. f3 Re3+ 35. Kd2 Rxf3 36. gxf4 Rxf4 37. R5c4 Kd6 38. Ke2 Re4+ 39. Kd2 Ne3 0-1